[Event "ICS rated blitz match"]
[Site "204.178.125.65"]
[Date "2001.09.02"]
[Round "?"]
[White "Hossa"]
[Black "nlso"]
[Result "1-0"]
[WhiteElo "2565"]
[BlackElo "2064"]
[PlyCount "87"]
[EventDate "2001.??.??"]

1. d4 Nf6 2. Nf3 g6 3. Nc3 d5 4. Bf4 Bg7 5. e3 c6 6. Bd3 Bg4 7. h3 Bxf3 8. Qxf3
Nbd7 9. O-O-O Qa5 10. h4 h5 11. Rde1 O-O-O 12. Rd1 Nb6 13. a3 Nbd7 14. Rde1 Nb6
15. Qe2 Na4 16. Nxa4 Qxa4 17. Rh3 Nd7 18. Bg5 Bf6 19. Bxf6 Nxf6 20. Qd2 Rhe8
21. Rf3 Rf8 22. Rf4 Rd7 23. Qc3 Ne8 24. Bxg6 Nd6 25. Bxh5 f5 26. Rh1 e6 27. Be2
Rg7 28. Qc5 Kd7 29. b3 b6 30. Qxd6+ Kxd6 31. bxa4 c5 32. g4 cxd4 33. exd4 Rgf7
34. g5 e5 35. dxe5+ Kxe5 36. Rf3 f4 37. a5 Kf5 38. Bd3+ Kg4 39. Rfh3 Kh5 40.
axb6 axb6 41. f3 Ra7 42. Re1 Rff7 43. Re6 Rh7 44. Bg6# {nlso checkmated} 1-0

[Event "ICS rated blitz match"]
[Site "204.178.125.65"]
[Date "2001.09.02"]
[Round "?"]
[White "nlso"]
[Black "Hossa"]
[Result "0-1"]
[WhiteElo "2062"]
[BlackElo "2567"]
[PlyCount "156"]
[EventDate "2001.??.??"]

1. Nf3 Nf6 2. g3 b6 3. Bg2 Bb7 4. b3 e6 5. Bb2 Be7 6. O-O O-O 7. c4 d6 8. d3
Nbd7 9. Nbd2 c5 10. e3 Qc7 11. Qe2 Ng4 12. e4 a6 13. Ne1 Bf6 14. Bxf6 Ndxf6 15.
f4 Qd7 16. h3 Nh6 17. g4 d5 18. cxd5 exd5 19. e5 Ne8 20. f5 Qe7 21. Nef3 d4 22.
Ne4 Rb8 23. Rae1 Kh8 24. Neg5 Nc7 25. Qf2 Nd5 26. Qh4 Nf4 27. f6 Qd8 28. Nxh7
Nxg2 29. Kxg2 Kxh7 30. g5 Re8 31. gxh6 gxh6 32. Kh1 Qd7 33. Kh2 Rg8 34. Qh5 Qe6
35. Nh4 Rg5 36. Qe2 Rbg8 37. Rg1 Rxg1 38. Rxg1 Rxg1 39. Kxg1 Qxh3 40. Ng2 Qxg2+
41. Qxg2 Bxg2 42. Kxg2 Kg6 43. Kf3 Kf5 44. Kg3 Kxe5 45. Kh4 Kxf6 46. Kh5 Kf5
47. Kh4 Kf4 48. Kh5 Ke3 49. Kxh6 Kxd3 50. Kg7 f5 51. Kf6 f4 52. Ke5 f3 53. Kd6
f2 54. Kc6 c4 55. Kxb6 c3 56. b4 Kd2 57. Kxa6 f1=Q+ 58. Kb6 Qf6+ 59. Kc7 Qe7+
60. Kc6 Qxb4 61. Kd7 Qd6+ 62. Kxd6 d3 63. Kc5 Ke2 64. Kc6 c2 65. Kd6 d2 66. Ke6
Ke1 67. Ke5 Kf1 68. Ke4 Kf2 69. Kd3 Ke1 70. Kxc2 d1=Q+ 71. Kc3 Qd5 72. Kb4 Ke2
73. Kc3 Qc5+ 74. Kb3 Kd3 75. a4 Qc3+ 76. Ka2 Qc2+ 77. Ka3 Kc4 78. a5 Qb3# {
nlso checkmated} 0-1

[Event "ICS rated blitz match"]
[Site "204.178.125.65"]
[Date "2001.09.02"]
[Round "?"]
[White "Hossa"]
[Black "nlso"]
[Result "1/2-1/2"]
[WhiteElo "2569"]
[BlackElo "2060"]
[PlyCount "129"]
[EventDate "2001.??.??"]

1. d4 Nf6 2. Nf3 g6 3. g3 Bg7 4. Bg2 O-O 5. O-O c6 6. c4 d5 7. Ne5 Nbd7 8. Nxd7
Bxd7 9. cxd5 cxd5 10. Nc3 e6 11. Bg5 Qb6 12. Qd2 Rfc8 13. Rfd1 Rc4 14. b3 Rc6
15. Bf3 Rac8 16. Na4 Qd8 17. Nc5 b6 18. Nxd7 Qxd7 19. Qf4 Ne8 20. Qh4 Nd6 21.
Bg4 Rc2 22. Bh6 Bxh6 23. Qxh6 Qe7 24. Rac1 Qc7 25. Rxc2 Qxc2 26. Qd2 Ne4 27.
Qxc2 Rxc2 28. a3 Nc3 29. Re1 Nb5 30. e3 a5 31. Ra1 Nc3 32. b4 a4 33. Bf3 Ne4
34. Bxe4 dxe4 35. Kg2 b5 36. g4 Kf8 37. Kg3 Ke7 38. h4 Kd6 39. Kg2 Kd5 40. g5
Kc4 41. h5 Kb3 42. hxg6 hxg6 43. Kg3 Kb2 44. Rd1 Kxa3 45. d5 exd5 46. f4 Kb3
47. Rxd5 a3 48. Rxb5 a2 49. Ra5 Kb2 50. f5 gxf5 51. b5 a1=Q 52. Rxa1 Kxa1 53.
Kf4 Rb2 54. Kxf5 Rxb5+ 55. Kxe4 Rxg5 56. Kf4 Rg6 57. e4 Re6 58. Ke3 Rxe4+ 59.
Kxe4 Kb2 60. Kf4 Kc3 61. Kg4 Kd4 62. Kf5 Kd5 63. Kf6 Kd6 64. Kf5 Ke7 65. Ke5 {
nlso ran out of time and Hossa has no material to mate} 1/2-1/2

[Event "ICS rated blitz match"]
[Site "204.178.125.65"]
[Date "2001.09.02"]
[Round "?"]
[White "nlso"]
[Black "Hossa"]
[Result "0-1"]
[WhiteElo "2074"]
[BlackElo "2555"]
[PlyCount "45"]
[EventDate "2001.??.??"]

1. d4 Nf6 2. Nf3 d5 3. g3 c5 4. c4 dxc4 5. Qa4+ Bd7 6. Qxc4 cxd4 7. Nxd4 e5 8.
Nb5 Bc6 9. f3 Qa5+ 10. N5c3 b5 11. Qb3 b4 12. Nd1 Bd5 13. Qd3 e4 14. Qe3 Bc5
15. Qg5 O-O 16. f4 b3+ 17. Nbc3 bxa2 18. Bd2 e3 19. Bxe3 h6 20. Qh4 Bxe3 21.
Nxe3 Bxh1 22. Rxa2 Qc5 23. Nf5 {nlso resigns} 0-1

[Event "ICS rated blitz match"]
[Site "204.178.125.65"]
[Date "2001.09.02"]
[Round "?"]
[White "Hossa"]
[Black "RAFFAELE"]
[Result "1/2-1/2"]
[WhiteElo "2559"]
[BlackElo "2273"]
[PlyCount "92"]
[EventDate "2001.??.??"]

1. d4 c5 2. d5 g6 3. e4 Bg7 4. Nc3 d6 5. Nf3 Nf6 6. Bd3 O-O 7. O-O Bg4 8. h3
Bxf3 9. Qxf3 Nbd7 10. Qf4 a6 11. Be2 b5 12. a3 Nb6 13. Qh4 e6 14. Bg5 exd5 15.
Nxd5 Nbxd5 16. exd5 h6 17. Bxh6 Nxd5 18. Qxd8 Raxd8 19. Bc1 Rfe8 20. Bf3 Nc7
21. c3 d5 22. a4 b4 23. cxb4 cxb4 24. Bg5 Rd7 25. Rab1 Ne6 26. Be3 Rc8 27. Be2
Rc6 28. Rfc1 Rxc1+ 29. Bxc1 a5 30. Bd2 Rc7 31. Bd3 Be5 32. b3 Bc3 33. Bc1 Bd4
34. Bb5 Rc2 35. Be3 Bxe3 36. fxe3 Nc5 37. h4 Ne4 38. Rd1 Nc3 39. Rf1 Kg7 40.
Rf2 Rc1+ 41. Rf1 Rc2 42. Rf2 Rc1+ 43. Rf1 Rc2 44. Rf2 Rc1+ 45. Rf1 Rc2 46. Rf2
Rc1+ {Game drawn by repetition} 1/2-1/2

[Event "ICS rated blitz match"]
[Site "204.178.125.65"]
[Date "2001.09.02"]
[Round "?"]
[White "RAFFAELE"]
[Black "Hossa"]
[Result "0-1"]
[WhiteElo "2284"]
[BlackElo "2548"]
[PlyCount "72"]
[EventDate "2001.??.??"]

1. Nf3 Nf6 2. c4 c6 3. d4 d5 4. Nc3 dxc4 5. e4 b5 6. e5 Nd5 7. a4 Bf5 8. axb5
Nb4 9. Bxc4 Nc2+ 10. Kf1 Nxa1 11. e6 fxe6 12. bxc6 Bc2 13. Qe2 Qd6 14. Nb5 Qxc6
15. d5 Qc8 16. Bf4 Bd1 17. Qd3 e5 18. Bxe5 Na6 19. Nfd4 Bg4 20. Ne6 Bf5 21. Qe2
Bxe6 22. dxe6 Qb7 23. b3 Nxb3 24. Bxb3 Rc8 25. Bb2 Nc5 26. Bc4 a6 27. Nd4 h5
28. f3 Rb8 29. Ba3 Qb1+ 30. Kf2 Qxh1 31. Bxc5 Rb1 32. Ba3 Qg1+ 33. Kg3 Qxd4 34.
Bxa6 g5 35. Bb5+ Kd8 36. h3 h4+ {RAFFAELE resigns} 0-1

[Event "ICS Rated blitz match"]
[Site "204.178.125.65"]
[Date "2001.09.02"]
[Round "?"]
[White "Hossa"]
[Black "RAFFAELE"]
[Result "1-0"]
[WhiteElo "2554"]
[BlackElo "2278"]
[PlyCount "60"]
[EventDate "2001.??.??"]

1. d4 g6 2. g3 Bg7 3. Bg2 d5 4. Nc3 c6 5. Nf3 Nf6 6. O-O O-O 7. Bg5 Ne4 8. Nxe4
dxe4 9. Nd2 Qxd4 10. c3 Qe5 11. Nxe4 f6 12. Be3 Qe6 13. Qc2 Nd7 14. Rfd1 Nb6
15. b3 Qf7 16. Rd3 Bf5 17. Rad1 Nd5 18. Bc5 b6 19. Ba3 a5 20. Bc1 Rac8 21. a3
Nc7 22. c4 Ne6 23. f4 Rfd8 24. Be3 c5 25. Bf2 Rxd3 26. Rxd3 Rd8 27. Rxd8+ Nxd8
28. Qd1 Qe8 29. Nc3 Be6 30. Na4 f5 {RAFFAELE resigns} 1-0

[Event "ICS rated bullet match"]
[Site "204.178.125.65"]
[Date "2001.09.02"]
[Round "?"]
[White "Hossa"]
[Black "Expert13"]
[Result "0-1"]
[WhiteElo "2421"]
[BlackElo "2618"]
[PlyCount "72"]
[EventDate "2001.??.??"]

1. d4 d5 2. c4 e6 3. Nc3 Nf6 4. e3 b6 5. Nf3 Bb7 6. cxd5 exd5 7. Bd3 Bd6 8. Bd2
O-O 9. Qc2 Nc6 10. a3 a6 11. g4 Nxg4 12. Bxh7+ Kh8 13. Bf5 Nh6 14. Bd3 b5 15.
Rg1 Re8 16. Be2 b4 17. Nxd5 bxa3 18. bxa3 Nxd4 19. exd4 Bxd5 20. Bxh6 gxh6 21.
Qd3 Bf4 22. Rd1 Rb8 23. Nd2 Bxh2 24. Rg4 Qe7 25. f3 Be6 26. Qxa6 Rb6 27. Qd3
Bxg4 28. fxg4 Qh4+ 29. Kf1 Rf6+ 30. Nf3 Qg3 31. Qf5 Rxf5 32. gxf5 Qh3+ 33. Ke1
Qxf3 34. Rd2 Qh1+ 35. Kf2 Qg1+ 36. Kf3 Re3# {Hossa checkmated} 0-1

[Event "ICS rated bullet match"]
[Site "204.178.125.65"]
[Date "2001.09.02"]
[Round "?"]
[White "Expert13"]
[Black "Hossa"]
[Result "1-0"]
[WhiteElo "2628"]
[BlackElo "2413"]
[PlyCount "111"]
[EventDate "2001.??.??"]

1. d4 c5 2. d5 g6 3. Nf3 d6 4. e4 Nf6 5. Nc3 Bg7 6. Bb5+ Bd7 7. a4 Bxb5 8. axb5
O-O 9. O-O Nbd7 10. h3 Nb6 11. Qe2 e6 12. dxe6 fxe6 13. e5 dxe5 14. Qxe5 Qc8
15. Ng5 Re8 16. Qe2 Qd7 17. Be3 Qe7 18. Nge4 Nbd7 19. Nxf6+ Nxf6 20. Qc4 Nd7
21. Rfd1 Bxc3 22. bxc3 Rf8 23. Ra3 Rf5 24. Qa2 c4 25. Ra5 a6 26. bxa6 Rxa5 27.
Qxa5 Nf6 28. axb7 Qxb7 29. Qe5 Qf7 30. Bd4 Rf8 31. Ra1 Qd7 32. Ra7 Qc8 33. Re7
Qa6 34. Rxe6 Qa2 35. Rxf6 Rxf6 36. Qxf6 Qb1+ 37. Kh2 Qb8+ 38. f4 Qf8 39. Qh8+
Kf7 40. Qxh7+ Ke8 41. Qxg6+ Kd7 42. Qg4+ Kd6 43. Be5+ Ke7 44. f5 Qf7 45. f6+
Kd8 46. Bd4 Qd5 47. Bb6+ Ke8 48. Qe2+ Kd7 49. Qe7+ Kc6 50. Qc7+ Kb5 51. Bd4 Qc6
52. Qxc6+ Kxc6 53. f7 Kd6 54. f8=Q+ Kd5 55. Qf6 Ke4 56. Qe5# {Hossa checkmated}
1-0

[Event "ICS rated bullet match"]
[Site "204.178.125.65"]
[Date "2001.09.02"]
[Round "?"]
[White "Hossa"]
[Black "Expert13"]
[Result "0-1"]
[WhiteElo "2406"]
[BlackElo "2635"]
[PlyCount "172"]
[EventDate "2001.??.??"]

1. e4 e5 2. Nf3 Nc6 3. Bb5 a6 4. Ba4 Nf6 5. d4 exd4 6. O-O Be7 7. e5 Ne4 8.
Bxc6 dxc6 9. Re1 Nc5 10. Nxd4 O-O 11. Nc3 Re8 12. Be3 f6 13. Qh5 fxe5 14. Nf5
Bxf5 15. Qxf5 Bd6 16. Bxc5 Bxc5 17. Ne4 Qe7 18. Qh3 Bb6 19. Red1 Rad8 20. Rxd8
Rxd8 21. Qh5 Qf7 22. Qe2 Qf4 23. c3 Qf5 24. Re1 Rd5 25. b3 Rd8 26. Qc4+ Rd5 27.
Qe2 Rd8 28. Qc4+ Kh8 29. Qe2 a5 30. c4 Bd4 31. Qd2 Rf8 32. Qe2 Kg8 33. c5 b6
34. cxb6 cxb6 35. Rc1 c5 36. Qc4+ Kh8 37. Qe2 Qg6 38. Re1 Qf5 39. Rc1 Qg6 40.
Re1 Rf4 41. Qa6 Kg8 42. Qb7 Qe6 43. Qc7 a4 44. bxa4 Qxa2 45. Rf1 Qd5 46. Qc8+
Rf8 47. Qg4 Qc6 48. Ng5 Qg6 49. Qe6+ Qxe6 50. Nxe6 Ra8 51. Nc7 Rxa4 52. Nd5 c4
53. g3 Ra2 54. Kg2 c3 55. Kf3 Kf7 56. Nb4 Rd2 57. g4 Bc5 58. Nc6 c2 59. Rc1 Ba3
60. Nxe5+ Kf8 61. Nd7+ Ke8 62. Rxc2 Rxc2 63. Nxb6 Bc5 64. Nd5 Rxf2+ 65. Kg3 Rd2
66. Nf4 Bd6 67. Kf3 Rxh2 68. Ne6 Kf7 69. Ng5+ Kg6 70. Ne4 Rh3+ 71. Kg2 Rd3 72.
Kf2 Bf4 73. Kg2 Re3 74. Nf2 Kg5 75. Kg1 Bg3 76. Kg2 Bxf2 77. Kxf2 Rc3 78. Kg2
Kxg4 79. Kf2 Rf3+ 80. Ke2 h5 81. Kd2 h4 82. Kc2 h3 83. Kb2 h2 84. Kc2 h1=Q 85.
Kb2 Qg2+ 86. Kb1 Rf1# {Hossa checkmated} 0-1

[Event "ICS rated bullet match"]
[Site "204.178.125.65"]
[Date "2001.09.02"]
[Round "?"]
[White "Expert13"]
[Black "Hossa"]
[Result "1-0"]
[WhiteElo "2642"]
[BlackElo "2399"]
[PlyCount "145"]
[EventDate "2001.??.??"]

1. d4 d5 2. Nf3 a6 3. c4 dxc4 4. e3 b5 5. a4 c6 6. Nc3 Bb7 7. Be2 Nf6 8. O-O e6
9. Ne5 Bd6 10. Bf3 b4 11. Ne4 Nxe4 12. Bxe4 Bxe5 13. dxe5 Qxd1 14. Rxd1 Nd7 15.
Rd4 Rd8 16. f4 c5 17. Bxb7 cxd4 18. Bxa6 d3 19. Bxc4 Nxe5 20. Bb5+ Nd7 21. Bd2
b3 22. Bxd3 f6 23. Bc3 Nb6 24. Bb5+ Kf7 25. e4 Nd7 26. Bc4 Nc5 27. f5 Rb8 28.
fxe6+ Ke7 29. e5 Nxe6 30. exf6+ gxf6 31. Re1 Rb6 32. a5 Rc6 33. Bxb3 Rd8 34.
Ba4 Rc4 35. Bc2 h6 36. a6 Ra8 37. Bd3 Rc6 38. Bd2 h5 39. Ra1 Nc5 40. Bb4 Ke6
41. Bxc5 Rxc5 42. b4 Rc3 43. Be2 Rc2 44. Bxh5 Kf5 45. b5 Rb2 46. a7 Ke6 47. Bf3
Rxa7 48. Rxa7 Rxb5 49. h4 Rb4 50. h5 Rb2 51. h6 Rb4 52. h7 Rh4 53. Ra6+ Kf7 54.
Be4 Rh5 55. Ra8 Rh6 56. Bf5 Ke7 57. h8=Q Rxh8 58. Rxh8 Kd6 59. Re8 Kd5 60. Re6
Kc4 61. Kf2 Kd5 62. Ke3 Kc5 63. Rxf6 Kc4 64. Be4 Kc5 65. Rc6+ Kb5 66. g4 Kb4
67. g5 Kb5 68. g6 Kb4 69. g7 Kb5 70. g8=Q Kb4 71. Bc2 Kb5 72. Qc4+ Ka5 73. Ra6#
{Hossa checkmated} 1-0

[Event "ICS rated bullet match"]
[Site "204.178.125.65"]
[Date "2001.09.02"]
[Round "?"]
[White "Expert13"]
[Black "Hossa"]
[Result "1-0"]
[WhiteElo "2622"]
[BlackElo "2393"]
[PlyCount "103"]
[EventDate "2001.??.??"]

1. d4 c5 2. d5 g6 3. Nf3 Nf6 4. Nc3 Bg7 5. e4 O-O 6. Be2 d6 7. O-O e5 8. dxe6
Bxe6 9. Ng5 d5 10. exd5 Nxd5 11. Nxe6 fxe6 12. Nxd5 exd5 13. Bf3 Nc6 14. Bxd5+
Kh8 15. Bxc6 bxc6 16. Qxd8 Raxd8 17. c3 Bf6 18. Bh6 Rf7 19. Rad1 Rb8 20. Rfe1
g5 21. Rd6 a6 22. Rxc6 c4 23. Rxc4 Rd7 24. Rc6 Be7 25. Rxa6 Kg8 26. b3 Rc8 27.
c4 Bb4 28. Rf1 Be7 29. Ra5 g4 30. Re5 Rc6 31. Be3 Bf6 32. Re4 h5 33. a4 Kf7 34.
b4 Ra6 35. a5 Bc3 36. c5 Rd3 37. Rc4 Ra8 38. c6 Rc8 39. a6 Rb8 40. b5 Ra8 41.
b6 Ke6 42. c7 Rc8 43. b7 Rxc7 44. Rxc7 Be5 45. b8=Q Bxc7 46. Qxc7 Rd7 47. Qc6+
Rd6 48. Qe8+ Kf6 49. f3 Rxa6 50. fxg4+ Kg7 51. Rf7+ Kg6 52. Qg8# {
Hossa checkmated} 1-0

[Event "ICS rated bullet match"]
[Site "204.178.125.65"]
[Date "2001.09.02"]
[Round "?"]
[White "Hossa"]
[Black "Expert13"]
[Result "0-1"]
[WhiteElo "2386"]
[BlackElo "2629"]
[PlyCount "96"]
[EventDate "2001.??.??"]

1. e4 c5 2. Nf3 e6 3. d4 cxd4 4. Nxd4 Nf6 5. Nc3 d6 6. g4 h6 7. h4 Nc6 8. Rg1
h5 9. gxh5 Nxh5 10. Rb1 Nxd4 11. Qxd4 e5 12. Bb5+ Bd7 13. Qd5 Qc8 14. Bxd7+
Qxd7 15. Bg5 f6 16. Be3 Nf4 17. Bxf4 exf4 18. h5 O-O-O 19. Ne2 Re8 20. Nxf4 f5
21. Kd2 fxe4 22. Ng6 Rh6 23. Rbe1 Qc6 24. Qf5+ Qd7 25. Qxd7+ Kxd7 26. Rg5 Be7
27. Nxe7 Rxe7 28. f3 exf3 29. Rxe7+ Kxe7 30. Rxg7+ Kf6 31. Rxb7 Rxh5 32. Rxa7
Rh2+ 33. Kd3 Rxc2 34. Ra4 Ke5 35. Re4+ Kf5 36. Kxc2 Kxe4 37. Kd2 Kf4 38. Ke1
Ke3 39. b4 d5 40. b5 d4 41. Kd1 f2 42. Kc2 d3+ 43. Kc3 d2 44. b6 d1=Q 45. b7
Qd4+ 46. Kb3 f1=Q 47. a4 Qfd1+ 48. Ka3 Q1xa4# {Hossa checkmated} 0-1

[Event "ICS rated bullet match"]
[Site "204.178.125.65"]
[Date "2001.09.02"]
[Round "?"]
[White "Expert13"]
[Black "Hossa"]
[Result "1/2-1/2"]
[WhiteElo "2635"]
[BlackElo "2380"]
[PlyCount "26"]
[EventDate "2001.??.??"]

1. d4 Nf6 2. Nf3 d5 3. c4 dxc4 4. e3 b5 5. a4 c6 6. b3 cxb3 7. axb5 Be6 8. Nbd2
Qb6 9. Nc4 Qb7 10. Na5 Qb6 11. Nc4 Qb7 12. Na5 Qb6 13. Nc4 Qb7 {
Game drawn by repetition} 1/2-1/2

[Event "ICS rated bullet match"]
[Site "204.178.125.65"]
[Date "2001.09.02"]
[Round "?"]
[White "Hossa"]
[Black "Expert13"]
[Result "0-1"]
[WhiteElo "2390"]
[BlackElo "2625"]
[PlyCount "66"]
[EventDate "2001.??.??"]

1. e4 c5 2. Bc4 a6 3. Nf3 e6 4. O-O Nf6 5. e5 d5 6. Bb3 c4 7. Bxc4 dxc4 8. exf6
gxf6 9. b3 cxb3 10. axb3 Bd7 11. Ba3 Bxa3 12. Nxa3 O-O 13. Nh4 e5 14. Qh5 Nc6
15. Qh6 Nd4 16. Rfe1 Rc8 17. Ra2 Qe7 18. Re3 Kh8 19. f3 Rg8 20. g3 Qe6 21. f4
Nf5 22. Nxf5 Qxf5 23. fxe5 fxe5 24. Qh4 Rg4 25. Qh6 Rg6 26. Qh4 Rf6 27. Ra1
Qf2+ 28. Kh1 Bc6+ 29. Qe4 Rh6 30. h4 Rg8 31. Qxc6 Rxh4+ 32. gxh4 Qxh4+ 33. Rh3
Qxh3# {Hossa checkmated} 0-1

[Event "ICS rated bullet match"]
[Site "204.178.125.65"]
[Date "2001.09.02"]
[Round "?"]
[White "Expert13"]
[Black "Hossa"]
[Result "1/2-1/2"]
[WhiteElo "2632"]
[BlackElo "2383"]
[PlyCount "118"]
[EventDate "2001.??.??"]

1. d4 d5 2. c4 e6 3. Nc3 c6 4. e3 Nf6 5. Nf3 Nbd7 6. Qc2 Bd6 7. Be2 dxc4 8.
Bxc4 O-O 9. O-O Qc7 10. Bd2 a6 11. Rac1 Rb8 12. Ne2 b6 13. e4 e5 14. dxe5 Bxe5
15. Ned4 Bxd4 16. Nxd4 Nc5 17. f3 Rd8 18. Ne2 Qe7 19. Rfd1 Be6 20. Bxe6 Qxe6
21. Bf4 Rxd1+ 22. Rxd1 Rc8 23. Be3 Qxa2 24. Bxc5 bxc5 25. Qxc5 Qb3 26. Rd6 Qxb2
27. Qxc6 Rb8 28. Qxa6 Qb1+ 29. Kf2 Qh1 30. Qb5 Ra8 31. Qe5 Re8 32. Qf4 Qa1 33.
Rd4 Qa5 34. Rd1 Qa4 35. Rd4 Qa5 36. Rd1 Qa4 37. Rd3 Qc4 38. Rc3 Qa2 39. Rc7 Qb3
40. g3 Qb6+ 41. Kg2 Qb2 42. Kf1 Qb3 43. Nc3 Qb2 44. Nd5 Qxh2 45. Nxf6+ gxf6 46.
Qxf6 Rf8 47. Qg5+ Kh8 48. Ke1 Qg2 49. Qf4 Kg7 50. Rd7 Qg1+ 51. Ke2 Qg2+ 52. Ke3
Qg1+ 53. Kd3 Qd1+ 54. Ke3 Qxd7 55. Qg5+ Kh8 56. Qf6+ Kg8 57. Qg5+ Kh8 58. Qf6+
Kg8 59. Qg5+ Kh8 {Game drawn by repetition} 1/2-1/2

[Event "ICS rated blitz match"]
[Site "204.178.125.65"]
[Date "2001.09.02"]
[Round "?"]
[White "filbem"]
[Black "Hossa"]
[Result "0-1"]
[WhiteElo "2031"]
[BlackElo "2559"]
[PlyCount "90"]
[EventDate "2001.??.??"]

1. d4 Nf6 2. Nf3 d5 3. e3 g6 4. Bd3 Bg7 5. O-O O-O 6. c3 Nc6 7. Nbd2 Re8 8. e4
e5 9. dxe5 Nxe5 10. Nxe5 dxe4 11. Nxe4 Rxe5 12. Nxf6+ Qxf6 13. Be3 Rd5 14. Qc2
Qh4 15. g3 Qh3 16. Be4 Bf5 17. Bxf5 Rxf5 18. Qe4 Rb5 19. Rab1 c6 20. c4 Re5 21.
Qf3 Ra5 22. a3 Ra4 23. Rfc1 Re8 24. Qg2 Qf5 25. Qf1 Rd8 26. Qe2 c5 27. Qc2 Qxc2
28. Rxc2 Bd4 29. Re1 Re8 30. Bd2 Rxe1+ 31. Bxe1 Ra6 32. Bc3 Rb6 33. Bxd4 cxd4
34. Kf1 Rd6 35. Ke1 Kg7 36. Kd2 g5 37. Kd3 Rd7 38. Re2 f5 39. Re5 Kf6 40. Rd5
Rxd5 41. cxd5 Ke5 42. Kc4 b5+ 43. Kd3 Kxd5 44. f4 g4 45. b4 a6 {filbem resigns}
0-1

[Event "ICS Rated blitz match"]
[Site "204.178.125.65"]
[Date "2001.09.02"]
[Round "?"]
[White "Hossa"]
[Black "shally"]
[Result "1-0"]
[WhiteElo "2560"]
[BlackElo "2292"]
[PlyCount "75"]
[EventDate "2001.??.??"]

1. e4 c5 2. Bc4 e6 3. Nf3 Nc6 4. Nc3 Nge7 5. O-O a6 6. d3 d6 7. Bg5 h6 8. Bh4
g5 9. Bg3 Nd4 10. Nxd4 cxd4 11. Ne2 e5 12. Qd2 b5 13. Bb3 Ng6 14. a4 Bd7 15.
axb5 axb5 16. Bd5 Ra4 17. b3 Rxa1 18. Rxa1 Bc8 19. Bc6+ Ke7 20. Bxb5 Kf6 21.
Bc4 h5 22. f3 Be7 23. c3 dxc3 24. Nxc3 Nf4 25. Bxf4 gxf4 26. Nd5+ Kg7 27. Ra8
Bg5 28. Ba6 Qd7 29. Bxc8 Rxc8 30. Nb6 Qc7 31. Nxc8 Qc5+ 32. Kf1 d5 33. b4 Qd4
34. Nd6 Kh7 35. Nf5 Qb6 36. Qc3 d4 37. Qc8 Qf6 38. Qg8# {shally checkmated} 1-0

[Event "ICS rated blitz match"]
[Site "204.178.125.65"]
[Date "2001.09.02"]
[Round "?"]
[White "ROVER2002"]
[Black "Hossa"]
[Result "0-1"]
[WhiteElo "2240"]
[BlackElo "2541"]
[PlyCount "96"]
[EventDate "2001.??.??"]

1. d4 Nf6 2. c4 e6 3. Nc3 Be7 4. e4 O-O 5. e5 Ne8 6. Bd3 d6 7. Nf3 dxe5 8. dxe5
Nc6 9. Qe2 f6 10. O-O fxe5 11. Rd1 Nd4 12. Nxd4 exd4 13. Ne4 b6 14. Qh5 a6 15.
Ng5 h6 16. Nh7 Rf7 17. Bg6 Rf5 18. Bxf5 exf5 19. Bxh6 gxh6 20. Qxh6 Qd6 21. Qh5
Ng7 22. Qf3 Rb8 23. Qb3 Kxh7 24. c5 Qxc5 25. Rac1 Qd6 26. Qd3 c5 27. Re1 Bg5
28. Rcd1 Bf4 29. Qh3+ Qh6 30. Qxh6+ Bxh6 31. Re7 Bg5 32. Ra7 Bb7 33. Re1 Kg6
34. g3 d3 35. f4 Bf6 36. Rd1 c4 37. Kf2 Bd4+ 38. Ke1 Bxb2 39. Kf2 Bd4+ 40. Ke1
Re8+ 41. Kf1 c3 42. Rxb7 c2 43. Rxb6+ Bxb6 44. Rxd3 c1=R+ 45. Kg2 Rg1+ 46. Kf3
Rf1+ 47. Kg2 Rf2+ 48. Kh3 Rh8# {ROVER2002 checkmated} 0-1

[Event "ICS rated blitz match"]
[Site "204.178.125.65"]
[Date "2001.09.02"]
[Round "?"]
[White "RAFFAELE"]
[Black "Hossa"]
[Result "1/2-1/2"]
[WhiteElo "2273"]
[BlackElo "2546"]
[PlyCount "68"]
[EventDate "2001.??.??"]

1. e4 c5 2. Nf3 d6 3. Bc4 Nf6 4. d3 e6 5. O-O d5 6. exd5 exd5 7. Bb5+ Bd7 8.
Bxd7+ Qxd7 9. d4 cxd4 10. Re1+ Be7 11. Bg5 O-O 12. Nxd4 Nc6 13. Nc3 Rfe8 14.
Nb3 Qf5 15. Bxf6 Bxf6 16. Rxe8+ Rxe8 17. Nxd5 Bxb2 18. Rb1 Be5 19. Ne3 Bxh2+
20. Kxh2 Qxf2 21. Ng4 Qf5 22. Qf3 Qg6 23. Rf1 Re4 24. Nf2 Ra4 25. Qd3 Qe6 26.
Rd1 g6 27. Kg1 Rxa2 28. Nc5 Qe5 29. Nd7 Qe7 30. Qc3 Qa3 31. Qf6 Qe7 32. Qc3 Qa3
33. Qf6 Qe7 34. Qc3 Qa3 {Game drawn by repetition} 1/2-1/2

[Event "ICS Rated blitz match"]
[Site "204.178.125.65"]
[Date "2001.09.02"]
[Round "?"]
[White "Hossa"]
[Black "RAFFAELE"]
[Result "1-0"]
[WhiteElo "2536"]
[BlackElo "2283"]
[PlyCount "87"]
[EventDate "2001.??.??"]

1. e4 g6 2. d4 Bg7 3. Nc3 d6 4. f4 c6 5. Nf3 Bg4 6. Be2 Qb6 7. e5 d5 8. O-O
Bxf3 9. Rxf3 e6 10. b3 Nd7 11. a4 a5 12. Ba3 Bf8 13. Bb2 h5 14. Bf1 Nh6 15. Na2
Nf5 16. Be2 Bg7 17. c3 g5 18. fxg5 Nxe5 19. Rh3 h4 20. Kh1 Ng6 21. Bd3 Nge7 22.
Ba3 Qc7 23. Qg4 Qd7 24. Bxe7 Nxe7 25. Rxh4 O-O-O 26. Rf1 Ng6 27. Rxh8 Rxh8 28.
h3 Kd8 29. Bxg6 fxg6 30. Nc1 Rf8 31. Rxf8+ Bxf8 32. Qf4 Bd6 33. Qf6+ Qe7 34.
Qxg6 e5 35. Qf6 e4 36. Ne2 Ke8 37. Qxe7+ Kxe7 38. h4 Kf7 39. g3 Kg6 40. Nf4+
Kf5 41. g6 Bf8 42. Kg2 Bh6 43. h5 Kg4 44. Ne6 {RAFFAELE resigns} 1-0

[Event "ICS rated blitz match"]
[Site "204.178.125.65"]
[Date "2001.09.02"]
[Round "?"]
[White "RAFFAELE"]
[Black "Hossa"]
[Result "1-0"]
[WhiteElo "2277"]
[BlackElo "2542"]
[PlyCount "56"]
[EventDate "2001.??.??"]

1. Nf3 d5 2. d4 Nf6 3. c4 e6 4. Nc3 Nbd7 5. Bg5 Be7 6. e3 O-O 7. Rc1 c6 8. a3
dxc4 9. Bxc4 Nb6 10. Bb3 Nbd5 11. Bxf6 Nxf6 12. O-O Qc7 13. Ne5 Nd7 14. f4 Nxe5
15. fxe5 Bd7 16. Ne4 Rad8 17. Qg4 Rb8 18. Bc2 Qb6 19. Nf6+ Bxf6 20. exf6 g6 21.
Qg5 Qd8 22. Qh6 Qxf6 23. Rxf6 Rbd8 24. h4 Rc8 25. h5 c5 26. hxg6 fxg6 27. Bxg6
Rxf6 28. Qxh7+ Kf8 {Hossa resigns} 1-0

[Event "ICS rated blitz match"]
[Site "204.178.125.65"]
[Date "2001.09.02"]
[Round "?"]
[White "Expert13"]
[Black "Hossa"]
[Result "1-0"]
[WhiteElo "2637"]
[BlackElo "2505"]
[PlyCount "185"]
[EventDate "2001.??.??"]

1. d4 Nf6 2. Nf3 d5 3. c4 dxc4 4. e3 b5 5. a4 c6 6. b3 cxb3 7. axb5 Be6 8. Nfd2
Bd5 9. Nc3 e6 10. Rb1 Bb4 11. Nxd5 Nxd5 12. Rxb3 O-O 13. e4 Bxd2+ 14. Bxd2 Nc7
15. Ba5 Qd7 16. b6 axb6 17. Bxb6 f5 18. exf5 Nd5 19. Bc4 Rxf5 20. O-O Qf7 21.
Bc5 Nd7 22. Rb7 Qe8 23. Bd6 Qc8 24. Qb3 N7f6 25. Rb1 Ne4 26. Be5 Rf7 27. Rxf7
Kxf7 28. Qd3 Nef6 29. Bxf6 Nxf6 30. Re1 Qd7 31. g4 Nd5 32. Qxh7 Ra4 33. Qc2 Ra3
34. Qe4 Qd6 35. g5 Rh3 36. Qg2 Rh4 37. g6+ Ke8 38. Re4 Rxe4 39. Qxe4 Nf4 40.
Kf1 Ke7 41. Bb3 Kf6 42. Bc2 Qb8 43. Kg1 Qd6 44. Kf1 Qb8 45. Kg1 Qd6 46. h4 Ke7
47. Kf1 Kf6 48. f3 Nh3 49. Kg2 Nf4+ 50. Kf2 Nd5 51. Kf1 Qh2 52. Ke1 Qg3+ 53.
Kd2 Qh2+ 54. Kc1 Qf4+ 55. Kb2 Qb8+ 56. Bb3 Qh2+ 57. Kc1 Nf4 58. Bc2 Ng2 59. Kb2
Qf4 60. h5 Kg5 61. Kc3 Kxh5 62. Bd3 Qc1+ 63. Kb3 Nf4 64. Bc2 Qd2 65. Kc4 Kh4
66. Kc5 Qc3+ 67. Kd6 Kg3 68. Bb1 Qc4 69. Ke7 Qb5 70. Qe1+ Kg2 71. Kf8 Qb7 72.
Be4 Qc7 73. Qh4 Ne2 74. f4+ Kf1 75. Bd3 Qd6+ 76. Kg8 Qxd4 77. Qh1+ Kf2 78. Qh2+
Kf1 79. Bxe2+ Ke1 80. Bg4 Qe3 81. Kxg7 c5 82. Kf7 e5 83. fxe5 c4 84. g7 Qa7+
85. Kg6 Qa6+ 86. Kf5 c3 87. Qg1+ Kd2 88. g8=Q c2 89. Qf2+ Kc3 90. Qc5+ Qc4 91.
Qgxc4+ Kd2 92. Qxc2+ Ke1 93. Q5f2# {Hossa checkmated} 1-0